000 00553nam a2200217Ia 4500
008 160418s9999 xx 000 0 und d
020 _a971-27-1434-9
050 _aFIL PL 6165.4
050 _b.A46 2004 c.1
100 _aAlma, Rio.
245 _aSari-sari /
245 _cRio Alma.
260 _aManila :
260 _bAnvil Pub. Inc.,
260 _c2004
300 _a80 pages :
300 _billustrations ;
300 _c19 cm.
650 _aPhilippine poetry (Filipino) -- Collected works.
650 _xPhilippine poetry (Filipino).
999 _c293533
_d293533